| 000 | 00651nam a2200277Ia 4500 | ||
|---|---|---|---|
| 001 | Z_3811 | ||
| 003 | CHAP | ||
| 008 | 220113s1975 xx 000 0 und d | ||
| 010 | _a166872 | ||
| 040 | _cCHAP | ||
| 090 | _aFolleto 526 | ||
| 100 |
_aMéxico. Secretaria de Agricultura y Ganadería _9141015 |
||
| 245 |
_aIniciación a la cría del guajolote / _cpor SAG |
||
| 260 |
_aMéxico, D. F. : _bLa Secretaría, _c1975 |
||
| 300 | _a16 p. ; ilus | ||
| 440 | _a | ||
| 500 | _a | ||
| 503 | _a | ||
| 650 |
_aGuajolote _9141016 |
||
| 901 | _aFolleto 526 | ||
| 902 | _aA | ||
| 910 | _a1975 | ||
| 942 | _cc14 | ||
| 942 | _cc14 | ||
| 999 |
_c166872 _d166872 |
||